| 000 | 01246cam a22002891i 4500 | ||
|---|---|---|---|
| 003 | SA_RiAUC | ||
| 005 | 20250226085601.0 | ||
| 008 | 250226s2013____su g 000 0 ara c | ||
| 020 | _a9789953448756 | ||
| 040 |
_aSA-RiIMS _bara _cSA-RiAUC _erda |
||
| 043 | _aa-su--- | ||
| 082 | 0 | 4 |
_a953.121 _qSA-RiAUC |
| 090 |
_a953.121 _b ق ع ي |
||
| 100 | 1 |
_aالقعيطي، غالب بن عوض _cالسلطان، _d1948- _eمؤلف. |
|
| 245 | 1 | 0 |
_aمنتهى الأماني في تاريخ مكة والمدينة والعالم الإسلامي من أوائل العصور وأقدم الروايات إلى 1344 هــ. / 1925 م. / _cتأليف السلطان غالب بن عوض القعيطي. |
| 250 | _aالطبعة الأولى. | ||
| 264 | 1 |
_aجدة، السعودية : _bكنوز المعرفة، _c2013 |
|
| 300 |
_a3 مجلد ؛ _c24 سم |
||
| 336 |
_aنص _btxt _2rdacontent _3كتاب |
||
| 337 |
_aبدون وسيط _bn _2rdamedia |
||
| 338 |
_aمجلد _bnc _2rdacarrier |
||
| 651 | 7 |
_aمكة المكرمة _xتاريخ _2aucsh |
|
| 651 | 7 |
_aالمدينة المنورة _xتاريخ _2aucsh |
|
| 651 | 7 |
_aالبلاد الإسلامية _xتاريخ _2aucsh |
|
| 942 |
_2ddc _cBOOK _n0 |
||
| 949 |
_aSA-JeALM _d250226 _ueid123 _n1 |
||
| 999 |
_c6216 _d6216 |
||